000
00305nam a22001337a 4500
008
190129b xxu||||| |||| 00| 0 eng d
020
_a
0201076667
041
_a
eng
080
_a
510
100
_a
36
101
_a
MAT
245
_a
Elements of Calculus and Analytic Geometry
_c
Thomas
942
_2
udc
_c
BK
999
_c
53887
_d
53887